Intersubjetividad y formación : el retorno sobre sí mismo /

Guardado en:
Autor Principal: Filloux, Jean Claude
Formato: Libro
Publicado: Buenos Aires : Novedades Educativas, 1996
Series:Formación de formadores. Serie Los Documentos; No. 3
Materias:
Etiquetas: Agregar Etiqueta
Sin Etiquetas, Sea el primero en etiquetar este registro!
LEADER 00769nam a22002295a 4500
001 CEM.cems009333
005 20090226101439.0
008 130507s1996##################000#0#####d
003 CEMS
020 |a 9879116135 
082 0 4 |a 370.7 
100 1 |a Filloux, Jean Claude 
245 1 0 |a Intersubjetividad y formación :  |b el retorno sobre sí mismo /  |c Jean Claude Filloux 
260 |a Buenos Aires :  |b Novedades Educativas,  |c 1996 
300 |a 94 p. 
490 0 |a Formación de formadores. Serie Los Documentos; No. 3 
505 0 |a Clínica y formación -- Intersubjetividad y formación 
653 |a Educación 
653 |a Formación de maestros 
653 |a Intersubjetividad 
859 |a CEMS  |b BIB. CEMS - 11 de abril  |h 370.7  |i F486  |p 18968.96  |t Ej.1 
859 |a CEMS  |b BIB. CEMS